01306nam a2200265 i 450000100060000000300090000600500170001500700030003200800410003510000320007624501540010826001280026230000370039049000670042750400280049459400930052265000400061570000420065571000430069771000670074083000750080785200210088299900170090395201200092065938ES-MaACL20230906165516.0t|040123s1947 sp ||||1| spa d1 aFuster Riera, Pedro.95309110aPrimera contribución al conocimiento de las maderas de la Guinea continental española / cpor Pedro Fuster Riera [y Luciana González Martín]. aMadrid : bInstituto de Estudios Africanos de la Dirección General de Marruecos y Colonias, c1947 (fIndustrias Gráf.) a250 p., 28 p. : bil. ; c24 cm.1 aEstudios sistemáticos de las maderas de la Guinea española aBibliografía: p. 245. aPrecede al tít.: Servicio Forestal de los Territorios Españoles del Golfo de Guinea. 4aMadera-zGuinea Ecuatorial.91721481 aGonzález Martín, Luciana.91721472 aInstituto de Estudios Africanos.948811 aEspaña. bDirección General de Marruecos y Colonias.937521 aEstudios sistemáticos de las maderas de la Guinea española9230775 aES-MaACLjC-5312 c65938d65938 00104070aATENEOMbATENEOMcSPALd2008-01-17eSCl0oC-5312p1069077r2023-02-23 00:00:00w2023-02-23yMONOGRAFIA